Beyond bullet points : using microsoft powerpoint to create presentations that inform, motivate, and inspire

Bibliographic Details
Main Author: Atkinson, Cliff
Format: Book
Published: Washington : Microsoft Press , 2005
Subjects:

MARC

LEADER 00000cam a2200000 7i4500
001 0000027964
005 20091103.0
008 091103
020 |a 0735620520 
090 0 0 |a 006.68   |b ATK 
100 1 |a Atkinson, Cliff 
245 1 0 |a Beyond bullet points :   |b using microsoft powerpoint to create presentations that inform, motivate, and inspire   |c Cliff Atkinson 
260 |a Washington :   |b Microsoft Press ,   |c 2005 
630 0 0 |a Microsoft powerpoint (computer file) 
650 0 |a Business presentation   |x graphic methods   |x computer programs 
650 0 |a Multimedia systems in business presentations 
999 |a 0001060780   |b Book   |c Adult Collection   |e Perbadanan Perpustakaan Awam Johor